[Event "Budapest FS04 IM"]
[Site "Budapest"]
[Date "1997.??.??"]
[Round "5"]
[White "Gudat, Alfons"]
[Black "Grabics, Monika"]
[Result "0-1"]
[WhiteElo "2115"]
[BlackElo "2255"]

1.e4 c5 2.Nf3 Nc6 3.Bb5 Qb6 4.Bxc6 Qxc6 5.O-O d6 6.d4 Bg4 7.d5 Qd7 8.Re1 g6
9.Nbd2 Bg7 10.h3 Bxf3 11.Nxf3 Nf6 12.c4 O-O 13.e5 Ne8 14.Bf4 Qf5 15.Qd2 dxe5
16.Bxe5 Nf6 17.Qe3 Rac8 18.Rad1 Qc2 19.Rc1 Qa4 20.Re2 b5 21.b3 Qa6 22.Ba1 Rfe8
23.Ng5 bxc4 24.bxc4 Bh6 25.f4 Bg7 26.Qd3 Nh5 27.g3 Bxa1 28.Rxa1 Qf6 29.Rae1 Rcd8
30.Kh2 Nxf4 31.gxf4 Qxf4+ 32.Qg3 Qxc4 33.d6 Rxd6 34.Qxd6 exd6 35.Rxe8+ Kg7
36.R8e4 Qxa2+ 37.R1e2 Qd5 38.h4 h6 39.Nh3 c4 40.Nf4 Qb5 41.Re7 Qf5 42.Rf2 Kf8
43.Ree2 Qg4 44.h5 g5 45.Ng6+ Kg7 46.Ne7 Qxh5+ 47.Kg1 Qg4+ 48.Kf1 Qh3+ 49.Kg1 c3
50.Nf5+ Kf8 51.Re3 Qg4+ 52.Kh2 Qb4 53.Kg2 Qc5 54.Ree2 Qc6+ 55.Kh2 d5 56.Nd4 Qc4
57.Ne6+ Kg8  0-1

[Event "Budapest FS05 IM"]
[Site "Budapest"]
[Date "1997.??.??"]
[Round "7"]
[White "Stillger, Bernhard"]
[Black "Velcheva, Maria"]
[Result "1-0"]
[WhiteElo "2315"]
[BlackElo "2285"]

1.e4 c5 2.Nf3 Nc6 3.Bb5 g6 4.O-O Bg7 5.Re1 e5 6.Bxc6 dxc6 7.d3 Ne7 8.Nbd2 Qc7
9.a3 a5 10.Nc4 O-O 11.Be3 b6 12.b4 axb4 13.axb4 Rxa1 14.Qxa1 b5 15.Qa5 Qxa5
16.Nxa5 cxb4 17.Bc5 Re8 18.Bxb4 Bd7 19.Nb7 Nc8 20.Ra1 Bf8 21.Bxf8 Kxf8 22.Nc5 Bg4
23.Ra6 Bxf3 24.gxf3 Ne7 25.Nd7+ Kg7 26.Nxe5 Rc8 27.Ra7 Kf6 28.Nd7+ Kg5 29.Nc5 Re8
30.Kg2 h5 31.d4 f5 32.Rc7 h4 33.Nd3 fxe4 34.fxe4 Ng8 35.f4+ Kh6 36.Ne5 Nf6
37.Kf3 Ra8 38.Rxc6 Ra3+ 39.c3 Kg7 40.Rc7+  1-0

[Event "Spring op"]
[Site "Budapest"]
[Date "1997.??.??"]
[Round "8"]
[White "Miroshnichenko, Evgenij"]
[Black "Tomescu, Vlad"]
[Result "1/2-1/2"]
[WhiteElo "2425"]
[BlackElo "2380"]

1.e4 c5 2.Nf3 Nc6 3.Bb5 e6 4.Bxc6 bxc6 5.d3 Qc7 6.O-O d6 7.b3 e5 8.Bb2 Ne7
9.Nfd2 Ng6 10.Nc3 Be7 11.Ne2 Bg5 12.Nf3 Bf6 13.Ne1 Qe7 14.Ng3 Nf4 15.Nh5 Nxh5
16.Qxh5 O-O 17.Qe2 Bg5 18.g3 Bh3 19.Ng2 f5 20.f4 exf4 21.gxf4 Bf6 22.e5 Rae8
23.Qf3 Bxg2 24.exf6 Qxf6 25.Bxf6 Bxf3 26.Bxg7 Kxg7 27.Rxf3 Re2 28.Rf2 Rfe8
29.Raf1 Kh6 30.Rxe2 Rxe2 31.Rf2 Rxf2 32.Kxf2 Kh5 33.Kg3 d5 34.c3 d4 35.c4 Kg6
36.Kh4 Kh6 37.Kg3 Kh5 38.h3 Kg6 39.h4 Kf6 40.Kf3 Kg6 41.Kg3 Kh5  1/2-1/2

[Event "Budapest FS03 IM-A"]
[Site "Budapest"]
[Date "1997.??.??"]
[Round "8"]
[White "Hasangatin, Ramil"]
[Black "Pinski, Jan"]
[Result "1-0"]
[WhiteElo "2490"]
[BlackElo "2245"]

1.e4 c5 2.Nf3 Nc6 3.Bb5 e6 4.Bxc6 bxc6 5.d3 Ne7 6.Bd2 f6 7.Nh4 g6 8.f4 Bg7
9.Nf3 e5 10.fxe5 fxe5 11.O-O O-O 12.Qe1 d6 13.Qh4 Qd7 14.Na3 Ba6 15.Rf2 h5
16.Raf1 Bf6 17.Ng5 Kg7 18.Rxf6 Rxf6 19.Rxf6 Kxf6 20.Nh7+ Kg7 21.Qf6+ Kg8
22.Bh6 Nd5 23.Qxg6+ Kh8 24.Ng5 Nf4 25.Nf7+ Qxf7 26.Qxf7 Rg8 27.Bxf4 exf4
28.Qxh5+  1-0

[Event "Najdorf op"]
[Site "Buenos Aires"]
[Date "1997.??.??"]
[Round "2"]
[White "German, Gustavo"]
[Black "Bulcourf, Carlos"]
[Result "1-0"]
[WhiteElo "2500"]
[BlackElo "2240"]

1.e4 c5 2.Nf3 Nc6 3.Bb5 Nf6 4.Nc3 d5 5.e5 Ne4 6.Ne2 f6 7.Bxc6+ bxc6 8.d3 Ng5
9.Nxg5 fxg5 10.Bxg5 Qc7 11.f4 h6 12.Bh4 g5 13.Bg3 gxf4 14.Bxf4 Bg7 15.O-O Bxe5
16.Qe1 Rg8 17.Qf2 Bg4 18.Bxe5 Qxe5 19.Qxc5 Kd7 20.Nd4 Qd6 21.Nb3 Qxc5+ 22.Nxc5+ Kd6
23.d4 Rab8 24.b3 a5 25.Rae1 Rg7 26.Re3 Rbg8 27.Nb7+ Kd7 28.Rf2 a4 29.Nc5+ Kd6
30.Nxa4 h5 31.Nc5 h4 32.h3 Bf5 33.Rxf5 Rxg2+ 34.Kf1 Rxc2 35.Nb7+ Kc7 36.Rxe7+  1-0

[Event "Najdorf op"]
[Site "Buenos Aires"]
[Date "1997.??.??"]
[Round "4"]
[White "Kanefsck, Gustavo"]
[Black "Braga, Fernando"]
[Result "1/2-1/2"]
[WhiteElo "2350"]
[BlackElo "2455"]

1.e4 c5 2.Nf3 Nc6 3.Bb5 e6 4.O-O Nge7 5.Nc3 a6 6.Bxc6 Nxc6 7.d4 cxd4 8.Nxd4 d6
9.Re1 Be7 10.Nxc6 bxc6 11.Qg4 g6 12.e5 d5 13.Bh6 Rb8 14.b3 Rb4 15.Qg3 Rh4
16.Bg7 Rg8 17.Bf6 Bxf6 18.exf6 Qxf6 19.Qb8  1/2-1/2

[Event "Najdorf op"]
[Site "Buenos Aires"]
[Date "1997.??.??"]
[Round "5"]
[White "Rosito, Jorge"]
[Black "Idigoras, Alejandro"]
[Result "0-1"]
[WhiteElo "2460"]
[BlackElo "2250"]

1.e4 c5 2.Nf3 Nc6 3.Bb5 g6 4.O-O Bg7 5.Qe2 e5 6.Qc4 d6 7.b4 Be6 8.Qc3 Nf6
9.bxc5 Nxe4 10.Qe3 Nxc5 11.Ba3 e4 12.Nd4 O-O 13.Bxc6 bxc6 14.Nc3 Bc4 15.Rfe1 Qa5
16.Bb2 f5 17.f4 Ne6 18.Nce2 Rfc8 19.d3 exd3 20.cxd3 Nxd4 21.Nxd4 Bd5 22.Re2 Qb6
23.Qf2 Re8 24.Rc2 Rab8 25.Bc3 Qa6 26.Rd1 Qa4 27.Rdc1 Rb7 28.Ne2 Rb1 29.Qf1 Rxc1
30.Qxc1 Bxc3 31.Nxc3 Qd4+ 32.Kh1 Qxd3 33.Nxd5 Qxc2  0-1

[Event "Buenos Aires op"]
[Site "Buenos Aires"]
[Date "1997.??.??"]
[Round "7"]
[White "German, Gustavo"]
[Black "Fraschini, Mariano"]
[Result "1-0"]
[WhiteElo "2500"]
[BlackElo "2360"]

1.e4 c5 2.Nf3 Nc6 3.Bb5 g6 4.Bxc6 dxc6 5.h3 e5 6.d3 f6 7.Be3 Nh6 8.c3 Nf7
9.Qc2 Be6 10.d4 cxd4 11.cxd4 Bg7 12.O-O O-O 13.Rd1 Qc8 14.Nc3 f5 15.exf5 Bxf5
16.Qb3 Kh8 17.Nxe5 Nxe5 18.dxe5 Bxe5 19.Bd4 Bxd4 20.Rxd4 Be6 21.Qa3 c5 22.Rd6 b5
23.Nxb5 a6 24.Nc3 Rb8 25.Ne4  1-0

[Event "Najdorf op"]
[Site "Buenos Aires"]
[Date "1997.??.??"]
[Round "8"]
[White "Ginzburg, Maximiliano"]
[Black "Pierrot, Facundo"]
[Result "1-0"]
[WhiteElo "2450"]
[BlackElo "2410"]

1.e4 c5 2.Nf3 Nc6 3.Bb5 e6 4.O-O Nge7 5.Re1 Nd4 6.Nxd4 cxd4 7.c4 Nc6 8.d3 d6
9.Na3 g6 10.Nc2 Bg7 11.b4 O-O 12.Ba4 e5 13.b5 Ne7 14.Ba3 a5 15.bxa6 Rxa6
16.Bb5 Ra8 17.Qd2 Nc6 18.Bb4 Nxb4 19.Nxb4 Be6 20.a4 f5 21.Nd5 f4 22.f3 g5
23.a5 g4 24.Rec1 Kh8 25.c5 gxf3 26.gxf3 dxc5 27.Nb6 Ra7 28.Kh1 Rg8 29.Bc4 Bxc4
30.Nxc4 Bf6 31.Rg1 Ra8 32.Rxg8+ Qxg8 33.Rb1 Rb8 34.Rb6 Qg7 35.Qg2 Qf8 36.Qh3 Bd8
37.Nxe5 Qe8 38.Re6 Qa4 39.Qh5 Bc7 40.Nf7+ Kg8 41.Qg5+ Kf8 42.Qe7+  1-0

[Event "Najdorf op"]
[Site "Buenos Aires"]
[Date "1997.??.??"]
[Round "8"]
[White "German, Pablo"]
[Black "Milos, Gilberto"]
[Result "0-1"]
[WhiteElo "2415"]
[BlackElo "2605"]

1.e4 c5 2.Nf3 Nc6 3.Bb5 e6 4.Bxc6 bxc6 5.b3 Ne7 6.Bb2 Ng6 7.h4 h5 8.e5 c4
9.bxc4 Rb8 10.Bc3 c5 11.d3 Be7 12.Nbd2 f5 13.exf6 gxf6 14.Qe2 Kf7 15.O-O Bb7
16.Rfe1 Qc7 17.Qe3 Rbg8 18.Ne4 e5 19.Bb2 d6 20.c3 Nf4 21.Ng3 f5 22.d4 Nxg2
23.Kxg2 f4 24.Qd3 fxg3 25.dxe5 dxe5 26.Qf5+ Ke8 27.fxg3 Rh6 28.Qxe5 Qxe5
29.Rxe5 Rhg6 30.Kf2 Rxg3 31.Ne1 Rh3 32.Ba3 Kf7 33.Ke2 Rxh4 34.Bxc5 Rh2+ 35.Kd1 Bxc5
36.Rxc5 Rd8+ 37.Kc1 Be4 38.Nf3 Rc2+ 39.Kb1 Rd1+  0-1

[Event "Bunratty Masters op"]
[Site "Bunratty"]
[Date "1997.??.??"]
[Round "6"]
[White "Short, Philip M"]
[Black "Orr, Mark J L"]
[Result "1-0"]
[WhiteElo "2295"]
[BlackElo "2360"]

1.e4 c5 2.Nf3 Nc6 3.Bb5 e6 4.O-O Nge7 5.Re1 a6 6.Bf1 Ng6 7.c3 Be7 8.d4 cxd4
9.cxd4 d5 10.e5 Nh4 11.Nxh4 Bxh4 12.Qg4 Kf8 13.Nc3 h5 14.Qf4 Be7 15.Be3 b5
16.Bd3 Kg8 17.Rad1 Bd7 18.Bb1 g6 19.Ne2 Qf8 20.Bc1 h4 21.Qg4 Qg7 22.Nf4 Be8
23.Re3 b4 24.Rf3 Nd8 25.Be3 Ra7 26.Rc1 Bd7 27.Bd3 a5 28.Rc2 a4 29.Rc1 Rh6
30.Bb1 Rh8 31.Nd3 a3 32.b3 Rh5 33.Bd2 Rf5 34.Rxf5 gxf5 35.Qxg7+ Kxg7 36.Bxb4 Bxb4
37.Nxb4 Rb7 38.Nc2 Nc6 39.Rd1 Nb4 40.Nxb4 Rxb4 41.f4 Rb7 42.Kf2 Rc7 43.Ke2 Kh6
44.Kd2 Bb5 45.Bd3 Bxd3 46.Kxd3 Rc8 47.h3 Rg8 48.Rd2 Rg3+ 49.Kc2 Re3 50.b4 Rg3
51.b5 Rg8 52.Kb3 Rb8 53.Kb4 Kg7 54.Rd3 f6 55.exf6+ Kxf6 56.Rxa3 Rg8 57.b6  1-0

[Event "Cairo-B"]
[Site "Cairo"]
[Date "1997.??.??"]
[Round "1"]
[White "Yasseen, Aly"]
[Black "Horvath, Jozsef"]
[Result "1/2-1/2"]
[WhiteElo "2370"]
[BlackElo "2535"]

1.e4 c5 2.Nf3 Nc6 3.Bb5 g6 4.O-O Bg7 5.Qe2 Qc7 6.c3 a6 7.Bxc6 dxc6 8.d4 cxd4
9.cxd4 Bg4 10.Rd1 Rd8 11.Be3 e5 12.d5 cxd5 13.exd5 e4 14.Bg5 Ne7 15.Qxe4 Bxf3
16.Qxf3 Bxb2 17.Bf6  1/2-1/2

[Event "Cairo-B"]
[Site "Cairo"]
[Date "1997.??.??"]
[Round "9"]
[White "Mohamed, Farag Amrou"]
[Black "Timoshenko, Georgy"]
[Result "0-1"]
[WhiteElo "2365"]
[BlackElo "2510"]

1.e4 c5 2.Nf3 Nc6 3.Bb5 d6 4.O-O Bd7 5.Re1 Nf6 6.c3 a6 7.Bf1 Bg4 8.d3 e5
9.Nbd2 Be7 10.Nc4 O-O 11.a4 h6 12.h3 Be6 13.g4 Re8 14.g5 Nh5 15.gxh6 g6 16.d4 cxd4
17.cxd4 exd4 18.Nxd4 Nxd4 19.Qxd4 Rc8 20.Ne3 Qd7 21.Nd5 Bxd5 22.Qxd5 Rc5
23.Qb3 Bg5 24.Be3 Rce5 25.Bg2 Nf4 26.Bxf4 Bxf4 27.Rad1 R8e6 28.Rd5 Bxh6 29.Red1 Bf4
30.Rxe5 Bxe5 31.Rd3 Qc7 32.Kf1 Re7 33.Rd1 Qc5 34.Bf3 Kg7 35.Kg2 Qc8 36.Rd2 Rc7
37.Qd5 Qe8 38.Bd1 Qe7 39.Qd3 Qf6 40.Bb3 Rc5 41.Rc2 Bxb2 42.Rxc5 dxc5 43.a5 Bd4
44.Qf3 Qg5+ 45.Qg3 Qd2 46.Qf3 Qg5+ 47.Qg3 Qd2 48.Qf3 f6 49.h4 Qxa5 50.e5 Bxe5
51.Qxb7+ Kh6 52.Bg8 Qc7 53.Qxa6 Bd4 54.Qd3 Qf4 55.Qg3 Qe4+ 56.Kg1 Be5 57.Qh3 f5
58.Qb3 Qxh4 59.Qe3+ Qg5+ 60.Kf1 Qxe3 61.fxe3 g5 62.Kg2 Kg7 63.Bc4 Kf6 64.Kf3 Bb2
65.Ke2 Bc1 66.Kd3 Ke5 67.Ba6 g4 68.Bb7 Bxe3 69.Kxe3 c4 70.Bc8 f4+ 71.Kd2 g3
72.Bb7 Kd4  0-1

[Event "Goodricke op"]
[Site "Calcutta"]
[Date "1997.??.??"]
[Round "2"]
[White "Prasad, Devaki V"]
[Black "Sriram, Jha"]
[Result "1/2-1/2"]
[WhiteElo "2450"]
[BlackElo "2300"]

1.e4 c5 2.Nf3 Nc6 3.Bb5 g6 4.Bxc6 dxc6 5.O-O Bg7 6.Re1 Nh6 7.d4 cxd4 8.Nxd4 f6
9.Bxh6 Bxh6 10.Nf5 Bf4 11.Ne3 O-O 12.c4 Rb8 13.Qc2  1/2-1/2

[Event "Goodricke op"]
[Site "Calcutta"]
[Date "1997.??.??"]
[Round "6"]
[White "Girinath, PDS."]
[Black "Ramesh, RB."]
[Result "0-1"]
[WhiteElo "2280"]
[BlackElo "2380"]

1.e4 c5 2.Nf3 Nc6 3.Bb5 e6 4.O-O Nge7 5.b3 Ng6 6.Bb2 f6 7.Re1 Qc7 8.c3 Be7
9.d4 O-O 10.Bf1 b6 11.Nbd2 f5 12.d5 exd5 13.exd5 Nce5 14.Nxe5 Nxe5 15.f4 Ng6
16.g3 Bf6 17.Nf3 Bb7 18.Qd2 c4 19.Bxc4 Kh8 20.Rad1 Rac8 21.Qf2 Rfe8 22.Rxe8+ Rxe8
23.Bf1 h5 24.c4 Bxb2 25.Qxb2 b5 26.Nd4 bxc4 27.bxc4 Ba6 28.Nxf5 d6 29.Qd4 Bc8
30.Bd3 Nf8 31.Nh4 Bg4 32.Rc1 Qa5 33.Qf2 Qa3 34.Qd2 Qc5+ 35.Qf2 Qa3 36.Qd2 Qc5+
37.Kh1 Qd4 38.Qc3 Qf2 39.Bf1 Qxa2  0-1

[Event "Cannes op 18th"]
[Site "Cannes"]
[Date "1997.??.??"]
[Round "1"]
[White "Shaked, Tal"]
[Black "Dancevski, Orce"]
[Result "1/2-1/2"]
[WhiteElo "2445"]
[BlackElo "2355"]

1.e4 c5 2.Nf3 Nc6 3.Bb5 g6 4.O-O Bg7 5.Re1 Nf6 6.c3 O-O 7.e5 Nd5 8.d4 cxd4
9.cxd4 d6 10.Nc3 Nxc3 11.bxc3 a6 12.Bxc6 bxc6 13.h3 Bf5 14.Bf4 d5 15.Qc1 Qd7
16.Bh6 a5 17.Bxg7 Kxg7 18.Qf4 Rfb8 19.Ng5 Be6 20.Rab1 h6 21.Nxe6+ Qxe6 22.Qf3 g5
23.Qd3 Qg6 24.Qxg6+ Kxg6 25.Kf1 Kf5 26.Ke2 c5 27.dxc5 Rxb1 28.Rxb1 Kxe5 29.Kd3 e6
30.c4 Rd8 31.Re1+ Kf6 32.a4 d4 33.Rb1 e5 34.g4 Ke7 35.Rb7+ Ke6 36.f3 f6 37.Rb5 Ra8
38.Ke4 Rd8 39.Kd3 Ra8 40.Ke4 Rd8 41.Rb6+ Ke7 42.Kd3 Rc8 43.c6 Kd6 44.c7+ Kxc7
45.Rxf6 Rb8 46.Ra6 Rb3+ 47.Ke4 Re3+ 48.Kf5 Rxf3+ 49.Kxe5 Rxh3 50.Kxd4 Rh4
51.Kc5 Kd7 52.Kb5 Rxg4 53.Rxh6 Rg1 54.Kxa5 Rc1 55.Kb5 Rb1+ 56.Kc5 Ra1 57.Rg6 Rxa4
58.Kb5 Ra1 59.Rxg5 Rb1+ 60.Kc5 Rh1 61.Kb6 Rb1+ 62.Rb5 Rc1 63.Rd5+ Kc8 64.c5 Rb1+
65.Kc6 Rh1 66.Rd6 Rh7 67.Rg6 Rc7+ 68.Kb5 Rb7+ 69.Kc4 Rd7 70.Rg8+ Kc7 71.Kb5 Rh7
72.Rg6 Kc8 73.Rf6 Rb7+ 74.Kc4 Rh7 75.Rc6+ Kb8 76.Rg6 Kc8 77.Rg8+ Kc7 78.Kb5 Rh6
79.Rg7+ Kc8 80.c6 Rh1  1/2-1/2

[Event "Cannes op-B 18th"]
[Site "Cannes"]
[Date "1997.??.??"]
[Round "1"]
[White "Delanoy, Arnaud"]
[Black "Berthelot, Yannick"]
[Result "1/2-1/2"]
[WhiteElo "2150"]
[BlackElo "2295"]

1.e4 c5 2.Nf3 Nc6 3.Bb5 e6 4.O-O Nge7 5.Re1 a6 6.Bxc6 Nxc6 7.d4 cxd4 8.Nxd4 d6
9.Nc3 Be7 10.Nxc6 bxc6 11.Qg4 g6 12.e5 d5 13.Bh6 Qb6 14.b3 Qb4 15.Qf3 g5
16.a3 Qh4 17.Bg7 g4 18.Qf4 Rg8 19.Bf6 Bxf6 20.exf6 Bd7 21.Rad1 Qg5 22.Qd4 Rd8  1/2-1/2

[Event "Cannes op-B 18th"]
[Site "Cannes"]
[Date "1997.??.??"]
[Round "2"]
[White "Willmoth, Robert"]
[Black "Doghri, Nabil"]
[Result "0-1"]
[WhiteElo "2180"]
[BlackElo "2305"]

1.e4 c5 2.Nf3 Nc6 3.Bb5 g6 4.O-O Bg7 5.d3 e5 6.Nc3 Nge7 7.a4 O-O 8.Bc4 d6
9.Bd2 h6 10.h3 Kh8 11.Nh2 f5 12.f4 exf4 13.Bxf4 Ne5 14.Bb3 N7c6 15.Be3 g5
16.exf5 Bxf5 17.Qd2 Qd7 18.Ne2 Rae8 19.d4 Ng6 20.g4 cxd4 21.Nxd4 Rxe3 22.Nxf5 Rxh3
23.Kg2 Nf4+ 24.Rxf4 Rxh2+ 25.Kxh2 Be5 26.Kg2 Bxf4 27.Qc3+  0-1

[Event "Wch U14"]
[Site "Cannes"]
[Date "1997.??.??"]
[Round "2"]
[White "Botezatu, Gheorghe"]
[Black "Grigoriants, Sergey"]
[Result "0-1"]
[WhiteElo "2150"]
[BlackElo "2315"]

1.e4 c5 2.Nf3 Nc6 3.Bb5 e6 4.Bxc6 bxc6 5.O-O Ne7 6.d3 Ng6 7.c3 Be7 8.Be3 O-O
9.Nbd2 Ba6 10.Qc2 d6 11.Rfd1 Qd7 12.a3 f5 13.exf5 Rxf5 14.b4 e5 15.Kh1 Raf8
16.Ne4 Rxf3 17.gxf3 Qh3 18.Ng3 Nh4 19.Rg1 Bc8 20.Qe2 Nxf3 21.Rg2 Nh4 22.f3 Rxf3
23.Rf2 Rxg3 24.Raf1 Bg4 25.Qa2+ Be6  0-1

[Event "Cannes op 18th"]
[Site "Cannes"]
[Date "1997.??.??"]
[Round "3"]
[White "Aleksieva, Silvia"]
[Black "Jelen, Igor"]
[Result "1-0"]
[WhiteElo "2285"]
[BlackElo "2405"]

1.e4 c5 2.Nf3 Nc6 3.Bb5 g6 4.Bxc6 dxc6 5.h3 Bg7 6.d3 b6 7.Nc3 e5 8.Be3 Ne7
9.Qd2 h6 10.g4 Be6 11.Ne2 Qd7 12.Ng3 O-O-O 13.Qc3 Qc7 14.a4 a5 15.Ra3 Rh7
16.g5 f6 17.gxf6 Bxf6 18.Nf1 g5 19.N3d2 Rd7 20.Nc4 Kd8 21.Rb3 Nc8 22.Nxb6 Nxb6
23.Qxc5 Be7 24.Qxb6 Bxb3 25.Qxb3 Kc8 26.Nd2 Qb7 27.Qg8+ Bd8 28.Nc4 Rhg7 29.Qxg7 Qb4+
30.Bd2 Qxa4 31.Qxh6  1-0

[Event "Cannes op 18th"]
[Site "Cannes"]
[Date "1997.??.??"]
[Round "5"]
[White "Skripchenko, Almira"]
[Black "Landenbergue, Claude"]
[Result "1/2-1/2"]
[WhiteElo "2385"]
[BlackElo "2420"]

1.e4 c5 2.Nf3 Nc6 3.Bb5 g6 4.O-O Bg7 5.Re1 Nf6 6.c3 O-O 7.h3 Qb6 8.Bf1 e5
9.d3 d5 10.Nbd2 Qc7 11.a3 h6 12.b4 Be6 13.Bb2 dxe4 14.dxe4 a6 15.Qc2 Rac8
16.Rac1 Qb8 17.b5 axb5 18.Bxb5 Nh5 19.a4 Nf4 20.Rcd1 Rfd8 21.Kh2 Na5 22.c4 Nd3
23.Re3 Nxb2 24.Rb1 Nxa4 25.Qxa4 b6 26.Ba6 Bd7 27.Qc2 Rc7 28.Qb2 Rc6 29.Nb3 Qc7
30.Bb5 Rd6 31.Bxd7 Qxd7 32.Nxa5 bxa5 33.Qa3 Qe6  1/2-1/2

[Event "Cannes op 18th"]
[Site "Cannes"]
[Date "1997.??.??"]
[Round "6"]
[White "Tatai, Stefano"]
[Black "Cherniaev, Alexander"]
[Result "0-1"]
[WhiteElo "2380"]
[BlackElo "2455"]

1.e4 c5 2.Nf3 Nc6 3.Bb5 e6 4.Bxc6 bxc6 5.O-O Ne7 6.b3 Ng6 7.Bb2 f6 8.e5 Be7
9.exf6 Bxf6 10.Bxf6 Qxf6 11.Nc3 O-O 12.Ne4 Qe7 13.d3 d5 14.Ng3 e5 15.h3 Qf6
16.Nh2 Ba6 17.Ng4 Qg5 18.Re1 Rae8 19.Re3 Bc8 20.Nh2 Nf4 21.Qf1 h5 22.Kh1 Qf6
23.Rae1 Ba6 24.Qg1 Re7 25.Ngf1 Bc8 26.Nd2 g5 27.Ndf3 Ng6 28.g4 h4 29.c4 a5
30.Qf1 a4 31.bxa4 Ba6 32.Kg1 e4 33.dxe4 Bxc4 34.e5 Nxe5 35.Qg2 Nxf3+ 36.Nxf3 Rxe3
37.Rxe3 d4 38.Ra3 Bd5  0-1

[Event "Cannes op 18th"]
[Site "Cannes"]
[Date "1997.??.??"]
[Round "7"]
[White "Borgo, Giulio"]
[Black "Verdier, Patrice"]
[Result "1-0"]
[WhiteElo "2390"]
[BlackElo "2320"]

1.e4 c5 2.Nf3 Nc6 3.Bb5 e6 4.O-O Nge7 5.Re1 Ng6 6.c3 Be7 7.d4 cxd4 8.cxd4 d5
9.Nc3 dxe4 10.Nxe4 O-O 11.a3 Nh4 12.Bxc6 bxc6 13.Nxh4 Bxh4 14.Bf4 Be7 15.Re3 Qd5
16.Nc3 Qf5 17.Rf3 Qh5 18.Qa4 Bd7 19.Re1 Rfd8 20.Qc2 Bf6 21.Be5 Be7 22.Ne4 f6
23.Bd6 Bxd6 24.Nxd6 Qd5 25.Nb7 Re8 26.Rh3 g6 27.Nc5 Re7 28.Ne4 Rf8 29.Qc5 Ref7
30.Rhe3 Rb8 31.Qc3 Rb5 32.b4 a5 33.Nc5 axb4 34.axb4 Re7 35.h3 Bc8 36.Qa3 Rb8
37.Qc3 Kf7 38.Re4 Ra8 39.Rh4 Kg7 40.Rhe4 Ra2 41.Qg3 Ra8 42.Qf4 h5 43.h4 Rf7
44.Qg3 Re7 45.Kh2 Rf7 46.R1e3 Kh7 47.Rf4 Raa7 48.Ne4 Kg7 49.Ref3 e5 50.dxe5 fxe5
51.Rxf7+ Rxf7 52.Rxf7+ Kxf7 53.Ng5+ Kg7 54.Nf3 e4 55.Qe5+ Kg8 56.Qe8+ Kg7
57.Qe7+ Qf7 58.Qxe4 Bg4 59.Qd4+ Qf6 60.Kg3 Bf5 61.Kf4 Be6+ 62.Qxf6+ Kxf6
63.Nd4 Bd7 64.f3 Be8 65.Ke4 Bd7 66.f4 Be8 67.Nf3 Bf7 68.g3 Bd5+ 69.Ke3 Bf7
70.Ne5 Be8 71.Kd4 Kf5 72.Kc5 Ke4 73.Kd6  1-0

[Event "Cannes op-B 18th"]
[Site "Cannes"]
[Date "1997.??.??"]
[Round "9"]
[White "Moltchanov, Roman"]
[Black "Afek, Yochanan"]
[Result "1-0"]
[WhiteElo "2285"]
[BlackElo "2345"]

1.e4 c5 2.Nf3 Nc6 3.Bb5 g6 4.Bxc6 dxc6 5.d3 Bg7 6.Nc3 Nf6 7.Be3 b6 8.h3 Qc7
9.Qd2 e5 10.Bh6 O-O 11.O-O-O Be6 12.Bxg7 Kxg7 13.g3 Nd7 14.Kb1 f6 15.Nh2 b5
16.Ne2 b4 17.f4 a5 18.h4 Nb6 19.h5 c4 20.hxg6 cxd3 21.Nf3 hxg6 22.fxe5 Kg8
23.Nf4 dxc2+ 24.Qxc2 Bg4 25.Qb3+ Kg7 26.exf6+ Rxf6 27.e5 Rff8 28.Ng5 Qxe5
29.Nge6+ Kf6 30.Nxf8 Rxf8 31.Rde1 Qd6 32.Ka1 a4 33.Qc2 Bf5 34.Qe2 a3 35.g4 Re8
36.Qf2 Rxe1+ 37.Rxe1 Na4 38.gxf5 axb2+ 39.Kb1 Nc3+ 40.Kxb2 Nd1+ 41.Rxd1 Qxd1
42.fxg6 Qd6 43.Qe3 c5 44.Nh5+ Kxg6 45.Qg3+ Qxg3 46.Nxg3 c4 47.Ne4 c3+ 48.Kb3 Kf5
49.Nc5 Ke5 50.Kxb4 c2 51.Nb3 Kd5 52.Kc3 Kc6 53.Kxc2 Kb5 54.Kb1 Ka4 55.Kb2 Kb4
56.a3+ Ka4 57.Nc5+ Ka5 58.Ne6 Kb5 59.Kb3 Ka5 60.a4 Kb6 61.Kb4 Ka6 62.a5 Kb7
63.Kb5 Ka7 64.a6  1-0

[Event "Cappelle op"]
[Site "Cappelle la Grande"]
[Date "1997.??.??"]
[Round "4"]
[White "Pedzich, Dominik"]
[Black "Timoshenko, Georgy"]
[Result "1/2-1/2"]
[WhiteElo "2465"]
[BlackElo "2510"]

1.e4 c5 2.Nf3 Nc6 3.Bb5 d6 4.O-O Bd7 5.c3 Nf6 6.Re1 a6 7.Bxc6 Bxc6 8.d4 Bxe4
9.Bg5 Bd5 10.Nbd2 b5 11.Nh4 e6 12.Nf5 h6 13.Bh4 cxd4 14.cxd4 Be7 15.Nxg7+ Kf8
16.Nh5 Nxh5 17.Bxe7+ Qxe7 18.Qxh5 Qg5 19.Qxg5 hxg5 20.Nf1 Rh4 21.Red1 Kg7
22.Ne3 g4 23.Nxd5 exd5 24.g3 Rh6  1/2-1/2

[Event "Cappelle op"]
[Site "Cappelle la Grande"]
[Date "1997.??.??"]
[Round "4"]
[White "Rogovski, Vladimir"]
[Black "Kulagin, Alexander"]
[Result "1-0"]
[WhiteElo "2455"]
[BlackElo "2260"]

1.e4 c5 2.Nf3 Nc6 3.Bb5 d6 4.O-O Bd7 5.Re1 a6 6.Bf1 Bg4 7.h3 Bh5 8.c3 Nf6
9.d4 Bxf3 10.gxf3 cxd4 11.cxd4 e5 12.d5 Nd4 13.Be3 Qb6 14.Nd2 Qxb2 15.Qa4+ Nd7
16.Rec1 b5 17.Qa5 Nc2 18.Rab1 Qa3 19.Qxa3 Nxa3 20.Rb3 Nc4 21.Bxc4 Rc8 22.Rbc3 bxc4
23.Rxc4 Rxc4 24.Rxc4 Be7 25.Rc8+ Bd8 26.Ra8 Ke7 27.Nc4 h6 28.Na5 Nc5 29.Nc6+ Kf6
30.Bxc5  1-0

[Event "Cappelle op"]
[Site "Cappelle la Grande"]
[Date "1997.??.??"]
[Round "5"]
[White "Kveinys, Aloyzas"]
[Black "Pedzich, Dominik"]
[Result "1/2-1/2"]
[WhiteElo "2545"]
[BlackElo "2465"]

1.e4 c5 2.Nf3 Nc6 3.Bb5 g6 4.O-O Bg7 5.c3 Nf6 6.Re1 O-O 7.d4 d5 8.e5 Ne4
9.Bxc6 bxc6 10.Nbd2 cxd4 11.cxd4 c5 12.dxc5 Nxc5 13.Nb3 Nxb3 14.Qxb3 Bg4
15.Nd4 Qa5 16.Bg5 Rfe8 17.Nc6 Qc7 18.Qxd5 Be6 19.Qf3 Rac8 20.Rac1 Qb7 21.b4 h6
22.Be3 Rc7 23.Rc5 Qa6 24.Nb8 Qc8 25.Na6 Rxc5 26.Nxc5 Bxa2 27.Ra1 Bc4 28.Qe4 Bb5
29.Rxa7 Bc6 30.Qf4 g5 31.Qc4 Qf5 32.e6 Qb1+ 33.Qf1 Qxf1+ 34.Kxf1 Bc3 35.exf7+ Kxf7
36.f3 Bxb4 37.Ne4  1/2-1/2

[Event "Castellaneta op"]
[Site "Castellaneta"]
[Date "1997.??.??"]
[Round "?"]
[White "Vujovic, Milorad"]
[Black "Castrogiovanni, Carlo"]
[Result "1-0"]
[WhiteElo "2255"]
[BlackElo "2110"]

1.e4 c5 2.Nf3 Nc6 3.Bb5 e6 4.O-O Nge7 5.c3 a6 6.Ba4 b5 7.Bb3 d5 8.exd5 Nxd5
9.d4 Be7 10.a4 bxa4 11.Bxa4 Bd7 12.dxc5 Bxc5 13.Qe2 Qc8 14.Bc2 Be7 15.Na3 O-O
16.Rd1 Bf6 17.Nc4 Qc7 18.Bg5 Nce7 19.Ne3 Nxe3 20.Qxe3 Bxg5 21.Nxg5 Ng6 22.Qd3 Bb5
23.Qh3 h6 24.Bxg6 fxg6 25.Nxe6 Qb6 26.Nxf8 Rxf8 27.Qg3 Rf6 28.Rd4 Be2 29.b4 Rc6
30.Re1 Kh7 31.h4 Bb5 32.Ree4 Rf6 33.c4 Bc6 34.c5 Qb5 35.Re7 Qa4 36.Qc7 Qa1+
37.Kh2 Rf7 38.Rxf7 Qxd4 39.Qxc6 Qxh4+ 40.Kg1 Qxb4 41.Qf6  1-0

[Event "Castellaneta op"]
[Site "Castellaneta"]
[Date "1997.??.??"]
[Round "?"]
[White "Mrdja, Milan"]
[Black "Leoncini, Mario"]
[Result "1-0"]
[WhiteElo "2425"]
[BlackElo "2180"]

1.e4 c5 2.Nf3 Nc6 3.Bb5 g6 4.O-O Bg7 5.c3 Nf6 6.Re1 O-O 7.h3 a6 8.Bf1 b5
9.d4 cxd4 10.cxd4 d5 11.e5 Ne4 12.Nbd2 Nxd2 13.Bxd2 Qb6 14.Be3 Bb7 15.Qd2 Rac8
16.Bh6 Rc7 17.Bxg7 Kxg7 18.h4 Nd8 19.Bd3 Ne6 20.Qe3 b4 21.Rad1 a5 22.h5 Ba6
23.Bb1 Rc4 24.Ng5 Rc7 25.Nh3 a4 26.f4 a3 27.b3 Rc3 28.Qf2 Rh8 29.Kh2 Kf8
30.Re3 Rxe3 31.Qxe3 Kg8 32.f5 gxf5 33.Bxf5 h6 34.Rd2 Bb7 35.Qg3+ Kf8 36.Qe3 Ke8
37.Rd1 Ba6 38.Qd2 Kd8 39.Nf4 Bb7 40.Bxe6 fxe6 41.Ng6 Rh7 42.Qf4 Kc8 43.Rc1+ Kb8
44.Qf8+ Ka7 45.Rc5 Qa6 46.Qd8 Qe2 47.Qa5+ Kb8 48.Qc7+ Ka8 49.Nf4 Qf1 50.Nxe6 Qe2
51.Ra5+ Ba6 52.Nc5 Qf1  1-0

[Event "Celle Ligure op"]
[Site "Celle Ligure"]
[Date "1997.??.??"]
[Round "8"]
[White "Di Paolo, Raffaele"]
[Black "Skembris, Spyridon"]
[Result "1/2-1/2"]
[WhiteElo "2265"]
[BlackElo "2450"]

1.e4 c5 2.Nf3 Nc6 3.Bb5 g6 4.O-O Bg7 5.Re1 Nf6 6.e5 Nd5 7.Nc3 Nc7 8.Bxc6 dxc6
9.h3 O-O 10.Ne4 b6 11.d3 Ne6 12.a4 a5 13.Neg5  1/2-1/2

[Event "Ceske Budejovice op"]
[Site "Ceske Budejovice"]
[Date "1997.??.??"]
[Round "3"]
[White "Chernyshov, Konstantin"]
[Black "Nun, Jiri"]
[Result "1-0"]
[WhiteElo "2245"]
[BlackElo "2395"]

1.e4 c5 2.Nf3 Nc6 3.Bb5 e6 4.O-O Nge7 5.Re1 Ng6 6.c3 a6 7.Bxc6 dxc6 8.e5 Be7
9.c4 Qd3 10.b3 O-O 11.Nc3 Rd8 12.Re3 Qd7 13.Ne4 Qc7 14.Bb2 b6 15.Neg5 Bxg5
16.Nxg5 Qe7 17.Ne4 Ra7 18.g3 Rad7 19.Qe2 Qf8 20.f4 Kh8 21.Rf1 Qg8 22.g4 Nf8
23.Bc3 h6 24.Rh3 Nh7 25.Rff3 Qf8 26.g5 b5 27.Ba5 Re8 28.Bb6 Rd4 29.Re3 Rxe4
30.Rxe4 Qe7 31.Qe3 hxg5 32.fxg5 Kg8 33.Reh4  1-0

[Event "Cherepovets"]
[Site "Cherepovets"]
[Date "1997.??.??"]
[Round "1"]
[White "Komliakov, Viktor"]
[Black "Ditiatev, Sergey"]
[Result "1/2-1/2"]
[WhiteElo "2460"]
[BlackElo "2465"]

1.e4 c5 2.Nf3 Nc6 3.Bb5 d6 4.Bxc6+ bxc6 5.O-O Bg4 6.d3 e6 7.Nbd2 Be7 8.h3 Bh5
9.Re1 Nf6 10.Nf1 O-O 11.Ng3 Bxf3 12.Qxf3 Nd7  1/2-1/2